00318nam a2200133Ia 45000030006000000080041000060400015000471000024000622450054000862600009001403000006001495460012001550050017001670STCL150530s9999 xx 000 0 und d aSTCLcSTCL aKrishnan Nair, P.V. aMalayalam Literary Survey. April-June 2004 Vol-26 c2004 a0 aEnglish20220125165751.0